000 05628cam a22005174i 4500
003 PE-LiUPU
005 20250822102830.0
008 1982 s1982 sp a rb 001 0 spa d
020 _a8430109854
_q(vol. I, II
020 _a8430108963
_q(vol. III)
020 _a8430109196
_q(vol. IV)
040 _aPE-LiUPU
_bspa
_cPE-LiUPU
_erda
041 1 _aspa
_hita
082 0 4 _a230.03
_bD545
_223
245 0 0 _aDiccionario teológico interdisciplinar /
_cdirigido por Giuseppe Barbaglio, L. Pacomio, Fr. Ardusso, G. Ferretti, G. Ghiberti, G. Moioli, D. Mosso, G. Piana, L. Serenthà ; traducción de Alfonso Ortiz.
246 3 _aDizionario teologico interdisciplinare.
250 _a1.ª edición en español.
264 1 _aSalamanca :
_bEdiciones Sígueme,
_c1982-1986.
300 _a4 volúmenes (varias paginaciones) :
_bilustraciones ;
_c25 cm
336 _atext
_2rdacontent
337 _aunmediated
_2rdamedia
338 _avolume
_2rdacarrier
500 _aTraducción del original italiano: *Dizionario teologico interdisciplinare* (Marietti, 1977).
500 _aCada volumen incluye índices y bibliografía al final de los artículos.
504 _aIncluye referencias bibliográficas.
505 0 _tVol. 1:
_aCondiciones actuales de las disciplinas teológicas -- Vida de fe e provocación cultural -- Teología espiritual -- Liturgia -- Derecho canónico -- Filosofía de la religión -- Teología fundamental -- Acontecimiento cristiano y tradición -- Teología e historia de la iglesia -- Teología dogmática -- Teología moral -- Acto humano -- Alma y cuerpo -- Amistad y amor -- Analogía -- Ángeles y demonios -- Año litúrgico -- Apocalíptica como teología -- Apóstol - apostolicidad de la iglesia -- Aristotelismo -- Asamblea litúrgica -- Ateísmo -- Atributos de Dios -- Bautismo -- Bienaventuranza - condenación.
505 0 _tVol. 2:
_aCarismas y ministerios -- Celebración - fiesta -- Cognoscibilidad de Dios -- Comunicación -- Comunidad primitiva -- Comunión -- Conciencia -- Confirmación -- Conversión -- Creación -- Credibilidad de la revelación cristiana -- Cristianismo: su trascendencia y sus pretensiones de absoluto -- Cristología -- Culto -- Culto a los santos -- Culturas -- Deuteronomio -- Dios -- Dogma -- Eclesiología -- Economía -- Ecumenismo -- Eucaristía -- Exégesis -- Exégesis y hermenéutica -- Existencia -- Existencialismo -- Familia -- Fe -- Fenomenología -- Hermenéutica y filosofía -- Hermenéutica y lenguaje.
505 0 _tVol. 3:
_aHistoria de las religiones -- Historia (punto de vista filosófico) -- Historia-historicidad -- Hombre (antropología filosófica) -- Hombre (antropología teológica) -- Ideología -- Imagen -- Iniciación - catecumenado -- Jesucristo -- Juan -- Juego -- Justicia -- Justificación -- Laicado -- Ley moral -- Ley natural -- Liberación -- Libertad (aspecto histórico-filosófico) -- Libertad (aspecto teológico-moral) -- Liturgia de las horas -- Magisterio -- Mal -- Manipulación del hombre -- María -- Marxismo -- Matrimonio -- Mesianismo escatológico y aparición de Cristo -- Ministerio -- Misión -- Misterios de Cristo -- Moral fundamental -- Moral especial -- Muerte -- Naturaleza -- Neopositivismo y filosofía analítica -- Notas -- Opción fundamental -- Oración -- Orden -- Pablo -- Pecado -- Pecado original -- Penitencia -- Persona -- Personalismo -- Pertenencia a la iglesia -- Platonismo -- Poder -- Política -- Política y teología -- Praxis -- Predestinación -- Profetas del Antiguo Testamento -- Propiedad -- Prudencia -- Psicología de la religión -- Pudor -- Purgatorio.
505 0 _tVol. 4:
_aRedencionismo ilustrado -- Redención I. El gesto pascual del Redentor -- Redención II. La figura del Redentor -- Reflexión sapiencial -- Religión (fenomenología de la) -- Religión (en la moral) -- Religión e historia -- Religión (sociología de la) -- Religión (teología de la) -- Resurrección de Cristo -- Resurrección e inmortalidad -- Retribución -- Revelación -- Rito -- Romanticismo -- Sacerdoctal -- Sacramentos -- Secularización -- Sexualidad -- Signo-símbolo -- Sistemas morales -- Situación (ética de la) -- Sobrenatural -- Social -- Sociología de la religión -- Sustancia -- Teología de la restauración del judaísmo incipiente -- Teología de las religiones no cristianas -- Teología de los sinópticos -- Teología en la piedad, culto, oración, rito -- Teología y filosofía -- Trabajo -- Tradición -- Trascendental -- Trinidad -- Unción de los enfermos -- Utopía -- Vida -- Vida consagrada -- Violencia y no-violencia -- Virtudes morales -- Yahvista y Elohista -- El desarrollo de la teología católica en el siglo XX -- Perspectivas para una visión orgánica de la teología.
650 1 4 _aTeología dogmática
_xDiccionarios.
_96006
700 _aOrtiz, Alfonso,
_etraductor.
_96579
700 _aBarbaglio, Giuseppe,
_eeditor.
_96666
700 _aPacomio, Luciano,
_eeditor.
_96578
700 _aArdusso, Fiorenzo,
_eeditor.
_96667
700 _aFerretti, Giovanni,
_eeditor.
_96668
700 _aGhiberti, Gianfranco,
_eeditor.
_96669
700 _aMoioli, Giovanni,
_eeditor.
_96670
700 _aMosso, Domenico,
_eeditor.
_96671
700 1 _aPiana, Giannino,
_eeditor.
700 _aSerenthà, Luigi,
_eeditor.
_96672
710 _aEdiciones Sígueme,
_eeditor.
_96673
830 0 _aDiccionario teológico interdisciplinar ;
_vObra completa.
942 _2ddc
_cBK
980 _621515
_aROMINA COBOS Adquisiciones
_818226
_gJaime Vilcazán Jefe de Análisis Documental
999 _c63031
_d63030